00782 2200241 4500001002100000005001500021035002000036007000300056008004100059020002200100082001400122084002000136100003100156245013200187250000600319260002800325300002800353700003200381700003900413500004200452650002900494990001700523INLIS00000000000097120260421113354 a0010-0823000135ta260421 j 0 ind  a978-979-798-877-7 a899.221.3 a899.221.3 CIG a0 aCigdem Ozmen ( Pengarang )1 aAku Ingin Tau Tentang Surga :bseri muslim cilik /cCigdem Ozmen ; alih bahasa, Jacinta Hadi ; penyunting, Jarvi Kurnia Lestari a- aJakarta :bQibla,c2009 a32 :bilus. ;c26 cme-0 aJacinta Hadi ( Penerjemah )0 aJarvi Kurnia Lestar ( Penyunting ) ajudul asli : I'm Curious About Heaven 4aFiksi - Bacaan anak-anak a00101/K/2017